Descripción breve de toda la tierra del Perú, Tucumán, Rio de la Plata y Chile / (Record n. 8234)
[ formato base ]
| 000 -LEADER | |
|---|---|
| fixed length control field | 01068nam a2200253 i 4500 |
| 003 - CONTROL NUMBER IDENTIFIER | |
| control field | IT-RoINE |
| 005 - DATE AND TIME OF LATEST TRANSACTION | |
| control field | 20200703080313.0 |
| 008 - FIXED-LENGTH DATA ELEMENTS--GENERAL INFORMATION | |
| fixed length control field | 960216s1968 sp |r 001 spa d |
| 040 ## - CATALOGING SOURCE | |
| Original cataloging agency | USA |
| Modifying agency | UPSA |
| -- | IT-RoINE |
| Transcribing agency | esslup IT-RoINE |
| 100 1# - MAIN ENTRY--PERSONAL NAME | |
| Personal name | Lizárraga, Reginaldo de, |
| Dates associated with a name | 1545-1615 |
| 9 (RLIN) | 16972 |
| 245 10 - TITLE STATEMENT | |
| Title | Descripción breve de toda la tierra del Perú, Tucumán, Rio de la Plata y Chile / |
| Statement of responsibility, etc | de Reginaldo de Lizárraga. Jornada del rio Marañón / de Toribio de Ortiguera ; estudio preliminar de Mario Hernández Sánchez Barba. |
| 260 ## - PUBLICATION, DISTRIBUTION, ETC. (IMPRINT) | |
| Place of publication, distribution, etc | Madrid : |
| Name of publisher, distributor, etc | Atlas, |
| Date of publication, distribution, etc | 1968. |
| 300 ## - PHYSICAL DESCRIPTION | |
| Extent | XVI, 368 p. ; |
| Dimensions | 26 cm. |
| 336 ## - CONTENT TYPE | |
| Source | rdacontent |
| Content type term | text |
| 337 ## - MEDIA TYPE | |
| Source | rdamedia |
| Media type term | unmediated |
| 338 ## - CARRIER TYPE | |
| Source | rdacarrier |
| Carrier type term | volume |
| 490 10 - SERIES STATEMENT | |
| Series statement | Biblioteca de autores españoles ; |
| Volume number/sequential designation | 216 |
| 500 ## - GENERAL NOTE | |
| General note | Incluye índice. |
| 651 #4 - SUBJECT ADDED ENTRY--GEOGRAPHIC NAME | |
| Geographic name | América Latina |
| General subdivision | Descripciones y viajes |
| 9 (RLIN) | 5868 |
| 700 12 - ADDED ENTRY--PERSONAL NAME | |
| Personal name | Ortiguera, Toribio de, |
| Dates associated with a name | Siglo 16o. |
| Title of a work | Jornada del Río Marañón |
| 9 (RLIN) | 16974 |
| 700 1# - ADDED ENTRY--PERSONAL NAME | |
| Personal name | Hernández Sánchez Barba, Mario, |
| Dates associated with a name | 1925- |
| 9 (RLIN) | 16975 |
| 830 #0 - SERIES ADDED ENTRY--UNIFORM TITLE | |
| 9 (RLIN) | 12318 |
| Uniform title | Biblioteca de autores españoles |
| 942 ## - ADDED ENTRY ELEMENTS (KOHA) | |
| Item type | Monografías |
| Withdrawn status | Lost status | Damaged status | Not for loan | Home library | Current library | Date acquired | Total Checkouts | Full call number | Barcode | Date last seen | Price effective from | Koha item type |
|---|---|---|---|---|---|---|---|---|---|---|---|---|
| Iglesia Nacional Española en Roma | Iglesia Nacional Española en Roma | 20/02/2015 | COL.A 20.216 | 11130 | 20/02/2015 | 20/02/2015 | Monografías |